Guess The Mario Character By The Emblem - Statistics

General Stats
  • This quiz has been taken 16 times
  • The average score is 35 of 49
Answer Stats
Picture Answer % Correct
Bowser
100%
Daisy
100%
Donkey Kong
100%
Luigi
100%
Mario
100%
Peach
100%
Shy Guy
100%
Toad
100%
Toadette
100%
Waluigi
100%
Wario
100%
Diddy Kong
93%
Baby Luigi
86%
Baby Mario
86%
Boo
86%
Dry Bones
86%
Dry Bowser
86%
Yoshi
86%
Baby Peach
79%
King Boo
79%
Lemmy
79%
Birdo
71%
Rosalina
71%
Funky Kong
64%
Hammer Bro
64%
Iggy
64%
Lakitu
64%
Larry
64%
Ludwig
64%
Nabbit
64%
Piranha Plant
64%
Wendy
64%
Wiggler
64%
Captain Toad
57%
King Bob-Omb
57%
Luma
57%
Monty Mole
57%
Roy
57%
Chargin Chuck
50%
Dr Mario
50%
Kamek
50%
Koopa Paratroopa
50%
Metal Mario
50%
Morton
50%
Pauline
50%
Peachette
50%
Petey Piranha
50%
Poochy
50%
E. Gadd
21%
No matching quizzes found
Score Distribution
Percent of People with Each Score
Percentile by Number Answered
Your Score History
You have not taken this quiz